000 00575nam a2200193Ia 4500
999 _c4243
_d4243
003 OSt
005 20200616190936.0
008 191128s2017 sp a gr 000 j spa d
020 _a9788416998432
040 _aCO-JMCR
_cCO-JMCR
041 _aspa
082 0 4 _aH /
_bREIe
100 1 _aReis Tan, Williams Lee,
_eautor
_95665
245 1 0 _aEscuadrón suicida :
_brenacimiento /
_cWilliams Lee Reis Tan
260 _aEspaña :
_bEc comics,
_c2017
300 _a48 páginas sin númerar :
_bilustraciones a color ;
_c26 cm.
650 _aTiras comicas
_95616
942 _2ddc
_cBK